| 000 | 00000nam##2200000za#4500 |
| 001 | 9.639498 |
| 003 | CaOODSP |
| 005 | 20250910142445 |
| 007 | cr ||||||||||| |
| 008 | 150407|2009||||xxc|||||o f|0| 0 fre|d |
| 040 | |aCaOODSP|bfre |
| 043 | |an-cn--- |
| 086 | 1 |aD2-295/2009F-PDF |
| 110 | 1 |aCanada. |bMinistère de la défense nationale. |
| 245 | 10|aPlan de campagne pour les Services de santé des Forces canadiennes : |h[ressource électronique]|bStratégie 2014 |
| 260 | |aOttawa - Ontario : |bDéfense nationale |c[2009?]. |
| 300 | |a14p.|bfigures (certaines en couleur), tableau, photographies |
| 590 | |a11-30-Supp|b2011-12-02 |
| 691 | 07|aArmée|2gcpds |
| 691 | 07|aSoins de santé|2gcpds |
| 775 | 08|tCampaign plan for the Canadian Forces Health Services : |w(CaOODSP)9.695349 |
| 856 | 40|ahttp://publications.gc.ca|qPDF|s737 Ko|uhttps://publications.gc.ca/collections/collection_2011/dn-nd/D2-295-2009-fra.pdf |